Brezno vo fotografii

Bibliographic Details
Main Author: Šípka, Miloš (Author)
Format: Article
Language:Slovak
ISSN:0862-8823
Subjects:

MARC

LEADER 00000nab a2200000 a 4500
001 vtls000676366
003 SK-MaSNL
005 20260304034532.0
008 180206c xo 0 slo
015 |a SNBRB1998/12-32846 
035 |a CLN000028538 
040 |a SNKBUCL  |b slo  |c SNKBUCL  |e AACR2 
041 0 |a slo 
044 |a xo  |c SK 
080 |a 908.437.6(048)  |2 UDC-MRF-SK2 
100 1 |a Šípka, Miloš  |4 aut  |9 6833 
245 1 0 |a Brezno vo fotografii  |c Miloš Šípka 
650 0 7 |a dejiny miest  |2 SNKPH  |9 164833 
650 0 7 |a monografie  |2 SNKPH  |9 256509 
651 7 |a Brezno (Slovensko)  |2 snkbucl  |9 31403 
655 7 |a články z novín a časopisov  |2 snkbucl  |9 267496 
655 7 |a recenzie  |2 SNKPH  |9 21907 
773 0 |x 0862-8823  |t Slovenské národné noviny  |g Roč. 9 (13), č. 49 (1998), s. 12 
787 0 8 |i Rec.:  |a Štulrajterová, Anna  |a Weiss, Ján  |t Brezno - mesto, ktoré ti podáva ruku  |d Banská Bystrica : Štúdio HARMONY, 1998  |z 8096775731 
850 |a Slovenská národná knižnica v Martine 
852 |a SNK  |b KIS3GCP 
958 |a RBX 
999 |c 2653613  |d 2655543